| Tag |
First Indicator |
Second Indicator |
Subfields |
| LEADER |
00000cam a2200000 a 4500 |
| 001 |
in00000765318 |
| 005 |
20151017052650.0 |
| 008 |
881012s1986 cc abf b 00010 chi d |
| 035 |
|
|
|a (OCoLC)18597284
|
| 035 |
|
|
|9 ADL1308AM
|
| 040 |
|
|
|a HUH
|c HUH
|d TXA
|d UtOrBLW
|
| 043 |
|
|
|a a-cc---
|
| 049 |
|
|
|a TXAM
|c [A11873722]
|
| 050 |
|
4 |
|a HB2114.A3
|b K64 1986
|
| 066 |
|
|
|c $1
|
| 100 |
1 |
|
|a Ge, Jianxiong.
|
| 245 |
1 |
0 |
|a Hsi Han jen kʻou ti li /
|c Ko Chien-hsiung chu.
|
| 250 |
|
|
|a Ti 1 pan.
|
| 264 |
|
1 |
|a Pei-ching :
|b Jen min chʻu pan she :
|b Hsin hua shu tien fa hsing,
|c 1986.
|
| 300 |
|
|
|a 2, 5, 208 pages, 6 unnumbered pages of plates (some folded) :
|b illustrations, maps ;
|c 21 cm.
|
| 336 |
|
|
|a text
|b txt
|2 rdacontent
|
| 337 |
|
|
|a unmediated
|b n
|2 rdamedia
|
| 338 |
|
|
|a volume
|b nc
|2 rdacarrier
|
| 500 |
|
|
|a Colophon title also in pinyin: Xihan renkou dili.
|
| 504 |
|
|
|a Includes bibliographical references.
|
| 651 |
|
0 |
|a China
|x Population
|x History.
|
| 650 |
|
0 |
|a Population geography.
|
| 740 |
0 |
|
|a Xihan renkou dili.
|
| 999 |
|
|
|a MARS
|
| 999 |
f |
f |
|s 0ece7966-6d46-3829-8cc5-cc6c71f2db88
|i e9688c34-8c2d-3b81-b92d-21ca536a2a47
|t 0
|
| 952 |
f |
f |
|p ric
|a Texas A&M University
|b Rellis Campus
|c Joint Library Facility
|d Remote Storage
|t 0
|e HB2114.A3 K64 1986
|h Library of Congress classification
|i unmediated -- volume
|m A14811873722
|
| 998 |
f |
f |
|a HB2114.A3 K64 1986
|t 0
|l Remote Storage
|